000 00410nam a2200169Ia 4500
008 221030s9999 xx 000 0 und d
020 _a8120309472
041 _aEnglish
100 _aJ. G. Proakis
245 0 _aDigital Signal Processing
_cby J. G. Proakis, Manolakis
250 _a2nd
260 _bPHI
_aNew Delhi
_c1995
300 _a969
650 _aBB Computer
700 _aManolakis
942 _cBK
999 _c17983
_d17983